[Event "21st European Teams Women"]
[Site "Hersonissos GRE"]
[Date "2017.11.01"]
[Round "5.14"]
[Board "1"]
[White "Stojkovska, Monika"]
[Black "Newrkla, Katharina"]
[Result "1-0"]
[WhiteTitle "WFM"]
[BlackTitle "WIM"]
[WhiteElo "2088"]
[BlackElo "2170"]
[WhiteTeam "FYROM"]
[BlackTeam "Austria"]
[WhiteFideId "15002594"]
[BlackFideId "1621629"]
[EventDate "2017.10.28"]

1. e4 c5 2. Nf3 d6 3. d4 cxd4 4. Nxd4 Nf6 5. Nc3 a6 6. Be2 e5 7. Nf3 Be7 8. Bg5
Nbd7 9. a4 h6 10. Bxf6 Nxf6 11. Bc4 Be6 12. Bxe6 fxe6 13. O-O O-O 14. a5 Rc8 15.
Qb1 Nh5 16. Qa2 Rxf3 17. gxf3 Nf4 18. Kh1 Qe8 19. Rg1 Qh5 20. Rg4 Rf8 21. Qb3
Rf7 22. Rag1 Nh3 23. R1g2 Bh4 24. Rxg7+ Rxg7 25. Qxe6+ Kh8 26. Qxh3 Rxg2 27.
Qxg2 Bd8 28. b4 b6 29. axb6 Bxb6 30. Nd5 Bd8 31. Qg4 Qf7 32. f4 exf4 33. Qxf4
Qh5 34. Qf8+ Kh7 35. Qf5+ Qxf5 36. exf5 h5 37. f4 Kg7 38. Kg2 a5 39. bxa5 Bxa5
40. Kf3 Kf7 41. Ke4 Bd2 42. Kd3 Be1 43. Kc4 Bf2 44. Kb5 Bg1 45. h3 Bc5 46. c3
Ba3 47. Kb6 Bc5+ 48. Kc6 Ba3 49. c4 Bc5 50. Nc3 Kf6 51. Ne4+ Kxf5 52. Nxc5 dxc5
53. Kxc5 Kxf4 54. Kd4 Kg3 55. c5 Kxh3 56. c6 h4 57. c7 Kg2 58. c8=Q h3 59. Qg4+
Kh2 60. Ke3 1-0

[Event "21st European Teams Women"]
[Site "Hersonissos GRE"]
[Date "2017.11.01"]
[Round "5.14"]
[Board "2"]
[White "Teuschler, Barbara"]
[Black "Nikolovska, Dragana"]
[Result "1-0"]
[WhiteTitle "WFM"]
[WhiteElo "2228"]
[BlackElo "1854"]
[WhiteTeam "Austria"]
[BlackTeam "FYROM"]
[WhiteFideId "1602047"]
[BlackFideId "15000133"]
[EventDate "2017.10.28"]

1. e4 c5 2. Nf3 d6 3. d4 cxd4 4. Qxd4 e5 5. Qd1 Nf6 6. Nc3 Be7 7. Bc4 O-O 8. Bg5
Nbd7 9. Qe2 a6 10. a4 b6 11. O-O Bb7 12. Bxf6 Nxf6 13. Rfd1 Qc7 14. Nd2 Rfc8 15.
Bb3 Bc6 16. Nf1 Qb7 17. f3 b5 18. axb5 axb5 19. Rxa8 Rxa8 20. Ne3 g6 21. g3 Ra5
22. Kg2 Bf8 23. Qd2 Qa7 24. Qe1 Qa8 25. h4 Kg7 26. Qd2 Ra1 27. Rxa1 Qxa1 28.
Nf5+ Kg8 29. Nxd6 Be8 30. Nxe8 Nxe8 31. Qd5 Nd6 32. Nxb5 Qe1 33. Nc3 h5 34. Qd1
Qe3 35. Nd5 Qc5 36. Nf6+ Kg7 37. Nd7 Qc6 38. Nxe5 Qa6 39. Nd7 Be7 40. Nc5 Qb5
41. Nd3 Bd8 42. Nf2 Qc5 43. Qd5 Qe3 44. Qd3 Qc5 45. Qc3+ Qxc3 46. bxc3 Bb6 47.
Nd3 1-0

[Event "21st European Teams Women"]
[Site "Hersonissos GRE"]
[Date "2017.11.01"]
[Round "5.14"]
[Board "3"]
[White "Bejatovic, Bojana"]
[Black "Exler, Veronika"]
[Result "1-0"]
[BlackTitle "WIM"]
[WhiteElo "2035"]
[BlackElo "2118"]
[WhiteTeam "FYROM"]
[BlackTeam "Austria"]
[WhiteFideId "15000141"]
[BlackFideId "1620550"]
[EventDate "2017.10.28"]

1. d4 c5 2. e3 cxd4 3. exd4 d5 4. Nf3 Nc6 5. Bd3 Bg4 6. c3 Qc7 7. O-O e6 8. Nbd2
Bd6 9. h3 Bh5 10. Re1 Nf6 11. Nf1 O-O 12. Bg5 Bg6 13. Bxf6 gxf6 14. Ne3 Rfd8 15.
Ng4 f5 16. Nge5 Nxe5 17. Nxe5 Qe7 18. Qe2 Qg5 19. Rad1 Bh5 20. Qd2 Qg7 21. Be2
Bxe2 22. Qxe2 Bxe5 23. dxe5 Kh8 24. Rd4 Rg8 25. g3 Rac8 26. Kh2 Qg5 27. Red1 Qe7
28. Rh4 Rc7 29. Rdd4 Qg5 30. Rh5 Qd8 31. Rdh4 Rg7 32. Rh6 Rc4 33. Qd2 Qc7 34.
Qe3 Rxh4 35. Rxh4 b6 36. Qd4 Rg8 37. Qf4 Qe7 38. Qh6 Rg7 39. Ra4 a5 40. Qe3 Qd7
41. Ra3 Qc6 42. Rb3 b5 43. Qa7 f6 44. Qxa5 fxe5 45. Qd8+ Rg8 46. Qf6+ Rg7 47.
Qxe5 Qb6 48. Kg2 Kg8 49. a4 Qc6 50. Qb8+ Kf7 51. axb5 Qc4 52. Rb4 Qe2 53. b6 e5
54. Qb7+ Kf6 55. Qxd5 f4 56. Qc6+ Kf7 57. Qc4+ Qxc4 58. Rxc4 Ke6 59. Rc7 Rg8 60.
b7 1-0

[Event "21st European Teams Women"]
[Site "Hersonissos GRE"]
[Date "2017.11.01"]
[Round "5.14"]
[Board "4"]
[White "Schnegg, Anna-Lena"]
[Black "Koskoska, Gabriela"]
[Result "1-0"]
[WhiteTitle "WFM"]
[BlackTitle "WIM"]
[WhiteElo "2114"]
[BlackElo "2018"]
[WhiteTeam "Austria"]
[BlackTeam "FYROM"]
[WhiteFideId "1625268"]
[BlackFideId "15000630"]
[EventDate "2017.10.28"]

1. e4 d5 2. exd5 Qxd5 3. Nc3 Qd8 4. d4 c6 5. Bf4 Nf6 6. Nf3 Bg4 7. h3 Bxf3 8.
Qxf3 e6 9. O-O-O Nd5 10. Nxd5 Qxd5 11. Qg3 Nd7 12. c4 Qa5 13. Kb1 O-O-O 14. Bd3
g6 15. Bg5 f6 16. Bf4 e5 17. dxe5 Nxe5 18. Be2 Bg7 19. Qb3 Nd7 20. Qc2 Rhe8 21.
g4 Nc5 22. Bf3 Ne6 23. Be3 Kb8 24. Rxd8+ Rxd8 25. Rd1 Rxd1+ 26. Qxd1 Qe5 27. Qd7
f5 28. Qe8+ Kc7 29. Qe7+ Kc8 30. Bc1 Nd4 31. Qxe5 Bxe5 32. Bg2 Ne2 33. Be3 c5
34. Bxc5 Nf4 35. Bf1 b6 36. Be3 Kd7 37. gxf5 gxf5 38. Kc2 Ke6 39. a4 Ng6 40. c5
bxc5 41. Bxc5 Bb8 42. Kc3 Kd5 43. b4 Nf4 44. Be3 Be5+ 45. Kb3 Bb8 46. b5 Ke5 47.
Kc4 Ne6 48. a5 f4 49. Bxa7 Bxa7 50. b6 Bxb6 51. axb6 Kd6 52. Kb5 Nc5 53. Bg2 Nd7
54. Ka6 h6 55. b7 Kc7 56. Ka7 Nb8 57. Bf3 Nd7 58. Be2 1-0

[Event "21st European Teams Women"]
[Site "Hersonissos GRE"]
[Date "2017.11.01"]
[Round "5.15"]
[Board "1"]
[White "Nazarova, Anastasia"]
[Black "Makka, Ioulia"]
[Result "1/2-1/2"]
[WhiteTitle "WCM"]
[BlackTitle "WIM"]
[WhiteElo "1997"]
[BlackElo "2182"]
[WhiteTeam "Finland"]
[BlackTeam "Greece 2"]
[WhiteFideId "34101737"]
[BlackFideId "4205316"]
[EventDate "2017.10.28"]

1. e4 c6 2. d4 d5 3. Nc3 dxe4 4. Nxe4 Bf5 5. Ng3 Bg6 6. Nh3 e6 7. Nf4 Bd6 8.
Ngh5 Bxh5 9. Nxh5 g6 10. Nf4 Qc7 11. Qf3 Nd7 12. g3 e5 13. dxe5 Nxe5 14. Qc3 Qe7
15. Qe3 Bc5 16. Qe2 Nf3+ 17. Kd1 Rd8+ 18. Nd3 Ne5 19. Bd2 Nxd3 20. cxd3 Qxe2+
21. Kxe2 Bd4 22. Bc3 Ne7 23. Bg2 O-O 24. Rhe1 Nf5 25. Rad1 Rfe8+ 26. Kf1 Rxe1+
27. Kxe1 f6 28. Rd2 Kf7 29. Be4 Ng7 30. Kd1 Ne6 31. Kc2 f5 32. Bg2 Rd6 33. Re2
Bf6 34. Bf3 b6 35. Bg2 c5 36. Re1 Bd4 37. Re2 b5 38. a3 Bf6 39. Re1 a6 40. Bh1
Bd4 41. Re2 Kf6 42. Bg2 g5 43. Bb7 Bxc3 44. bxc3 a5 45. Re1 h5 46. Bg2 f4 47.
Be4 g4 48. Rb1 Rb6 49. Bd5 Nc7 50. Be4 f3 51. h3 Ne6 52. hxg4 hxg4 53. Rh1 Kg5
54. Rh8 b4 55. axb4 cxb4 56. Rg8+ Kh5 57. Rh8+ Kg5 58. Rg8+ Kh5 59. cxb4 axb4
60. Kb2 Nd4 61. Rd8 Ne2 62. Rd5+ Kh6 63. Bf5 Nc3 64. Rd4 Nd1+ 65. Kb3 Nxf2 66.
Bxg4 Nxg4 67. Rxg4 Rf6 68. Rh4+ Kg5 69. Rh1 f2 70. Rf1 Kg4 71. Kxb4 Kxg3 72. d4
Kg2 73. Rd1 Re6 74. d5 Re1 75. Rd2 Kf3 76. Rxf2+ Kxf2 77. d6 Kf3 78. Kc5 Ke4 79.
d7 Rd1 80. Kc6 Ke5 81. Kc7 Rc1+ 82. Kb7 Rb1+ 83. Kc7 Rc1+ 84. Kb7 Rd1 1/2-1/2

[Event "21st European Teams Women"]
[Site "Hersonissos GRE"]
[Date "2017.11.01"]
[Round "5.15"]
[Board "2"]
[White "Makka, Evanthia"]
[Black "Dannenberg, Alia"]
[Result "1-0"]
[WhiteElo "2095"]
[BlackElo "1975"]
[WhiteTeam "Greece 2"]
[BlackTeam "Finland"]
[WhiteFideId "4207513"]
[BlackFideId "504688"]
[EventDate "2017.10.28"]

1. e4 d5 2. exd5 Qxd5 3. Nc3 Qd6 4. d4 a6 5. Nf3 Nf6 6. Be2 Bf5 7. Ne5 Nc6 8.
Nxc6 Qxc6 9. Bf3 Qe6+ 10. Be3 Ng4 11. d5 Nxe3 12. dxe6 Nxd1 13. Rxd1 c6 14. Rd7
Rb8 15. Rxb7 Rc8 16. Bxc6+ Kd8 17. Rd7+ Ke8 18. Rd6+ Rxc6 19. Rxc6 fxe6 20. Rxa6
Bxc2 21. Ke2 Kf7 22. Ra8 g6 23. Rc1 Bf5 24. Rd1 Bg7 25. Rxh8 Bxh8 26. a4 Be5 27.
a5 Ke8 28. a6 Bb8 29. Ra1 Ba7 30. Nb5 1-0

[Event "21st European Teams Women"]
[Site "Hersonissos GRE"]
[Date "2017.11.01"]
[Round "5.15"]
[Board "3"]
[White "Puuska, Heini"]
[Black "Serefidou, Despina"]
[Result "1-0"]
[WhiteTitle "WFM"]
[WhiteElo "1947"]
[BlackElo "1965"]
[WhiteTeam "Finland"]
[BlackTeam "Greece 2"]
[WhiteFideId "502324"]
[BlackFideId "4218787"]
[EventDate "2017.10.28"]

1. d4 Nf6 2. Nf3 e6 3. Bf4 c5 4. e3 b6 5. Nbd2 Bb7 6. Bd3 cxd4 7. exd4 Be7 8. h3
d6 9. c3 Nbd7 10. Nc4 Qc7 11. a4 a6 12. Bh2 O-O 13. O-O Rfe8 14. Re1 Bf8 15. Ne3
Qc6 16. Rc1 e5 17. Bb1 g6 18. Ba2 Bh6 19. Qb3 Re7 20. Bg3 Qc8 21. Nh4 Qf8 22.
Rcd1 Bxe3 23. fxe3 Ne4 24. Bh2 Ng5 25. Rf1 Qh6 26. Bg3 Rf8 27. c4 Be4 28. Bb1
Bxb1 29. Rxb1 Ne4 30. Be1 exd4 31. exd4 Nd2 32. Bxd2 Qxd2 33. Nf3 Qe3+ 34. Qxe3
Rxe3 35. Rfe1 Rfe8 36. Kf2 Rxe1 37. Rxe1 Rxe1 38. Nxe1 a5 39. Nd3 f5 40. b4 axb4
41. Nxb4 Nf6 42. Ke3 Nd7 43. Nd3 Kf7 44. c5 dxc5 45. dxc5 bxc5 46. a5 Ke6 47. a6
Kd6 48. a7 Nb6 49. Kf4 Kd5 50. Kg5 c4 51. Nb4+ Kc5 52. Nc2 Kd6 53. Ne3 Kc5 54.
Kh6 Kd4 55. Nxc4 Kxc4 56. Kxh7 g5 57. Kg6 g4 58. Kxf5 gxh3 59. gxh3 Kb5 60. h4
Ka6 61. h5 Kxa7 62. h6 Nd5 63. h7 1-0

[Event "21st European Teams Women"]
[Site "Hersonissos GRE"]
[Date "2017.11.01"]
[Round "5.15"]
[Board "4"]
[White "Vozinaki, Anthi - Maria"]
[Black "Rinne, Heini"]
[Result "1/2-1/2"]
[WhiteElo "1989"]
[BlackElo "1765"]
[WhiteTeam "Greece 2"]
[BlackTeam "Finland"]
[WhiteFideId "4263898"]
[BlackFideId "513423"]
[EventDate "2017.10.28"]

1. e4 c6 2. d4 d5 3. Nc3 dxe4 4. Nxe4 Bf5 5. Ng3 Bg6 6. h4 h6 7. Nh3 Nf6 8. Nf4
Bh7 9. Bc4 e6 10. c3 Nd5 11. Ngh5 Nd7 12. Qg4 Rg8 13. Bd2 g6 14. Ng3 N7f6 15.
Qe2 Nxf4 16. Bxf4 g5 17. hxg5 hxg5 18. Be5 Bg6 19. O-O-O Qe7 20. Qf3 Nd5 21. Ne4
Bxe4 22. Qxe4 f6 23. Bg3 f5 24. Qd3 f4 25. Bh2 O-O-O 26. g3 Qf6 27. Kb1 Bd6 28.
Bb3 Rh8 29. c4 Nb4 30. Qe2 Qf5+ 31. Ka1 c5 32. a3 Nc6 33. Bc2 Qf6 34. dxc5 Bxc5
35. Qf3 Bd4 36. Rb1 Ne5 37. Qe2 f3 38. Qf1 g4 39. Be4 Nc6 40. c5 Qe5 1/2-1/2

[Event "21st European Teams Women"]
[Site "Hersonissos GRE"]
[Date "2017.11.01"]
[Round "5.16"]
[Board "1"]
[White "Milovic, Aleksandra"]
[Black "Goossens, Hanne"]
[Result "1-0"]
[WhiteTitle "WIM"]
[BlackTitle "WFM"]
[WhiteElo "2191"]
[BlackElo "2188"]
[WhiteTeam "Montenegro"]
[BlackTeam "Belgium"]
[WhiteFideId "933988"]
[BlackFideId "200468"]
[EventDate "2017.10.28"]

1. d4 f5 2. Bg5 h6 3. Bh4 g5 4. Bg3 Bg7 5. e4 fxe4 6. Qh5+ Kf8 7. Nd2 d5 8. Be5
Nf6 9. Qe2 Nc6 10. O-O-O Bf5 11. h4 Nb4 12. a3 Nxc2 13. Kxc2 e3+ 14. Kb3 exd2
15. hxg5 hxg5 16. Rxh8+ Bxh8 17. Nf3 g4 18. Nh4 Qd7 19. Qxd2 Kf7 20. Qf4 Bh7 21.
Bd3 Qc6 22. Nf5 e6 23. Nh6+ Ke7 24. Rc1 Qb6+ 25. Ka2 Bxd3 26. Rxc7+ Ke8 27. Nxg4
Bc4+ 28. Rxc4 dxc4 29. Nxf6+ Bxf6 30. Qxf6 Rd8 31. Qf3 Kd7 32. g4 Kc8 33. g5 Qb5
34. g6 Qd7 35. g7 Rg8 36. Qf8+ Qd8 37. Qc5+ Kd7 38. Qd6+ Kc8 39. Qxe6+ 1-0

[Event "21st European Teams Women"]
[Site "Hersonissos GRE"]
[Date "2017.11.01"]
[Round "5.16"]
[Board "2"]
[White "Vanhuyse, Nele"]
[Black "Stojanovic, Marija R"]
[Result "1-0"]
[WhiteTitle "WFM"]
[BlackTitle "WIM"]
[WhiteElo "2061"]
[BlackElo "2102"]
[WhiteTeam "Belgium"]
[BlackTeam "Montenegro"]
[WhiteFideId "228818"]
[BlackFideId "931411"]
[EventDate "2017.10.28"]

1. e4 e6 2. d4 d5 3. Nc3 Nf6 4. e5 Nfd7 5. f4 c5 6. Nf3 Nc6 7. Be3 a6 8. Qd2 b5
9. Nd1 Qb6 10. c3 a5 11. Bd3 a4 12. O-O c4 13. Bc2 b4 14. cxb4 Bxb4 15. Qf2 g6
16. a3 Be7 17. Rb1 Qa6 18. Nc3 Nb6 19. g4 h5 20. h3 hxg4 21. hxg4 Bd7 22. Kg2
O-O-O 23. Rh1 Na5 24. Qe2 Nb3 25. Rxh8 Rxh8 26. Rh1 Rxh1 27. Kxh1 Kc7 28. Qh2
Qc8 29. f5 gxf5 30. gxf5 Qg8 31. f6 Bf8 32. Ng5 Be8 33. Qh5 1-0

[Event "21st European Teams Women"]
[Site "Hersonissos GRE"]
[Date "2017.11.01"]
[Round "5.16"]
[Board "3"]
[White "Koljevic, Nikolina"]
[Black "Barbier, Wiebke"]
[Result "0-1"]
[WhiteElo "1837"]
[BlackElo "2013"]
[WhiteTeam "Montenegro"]
[BlackTeam "Belgium"]
[WhiteFideId "16503945"]
[BlackFideId "207977"]
[EventDate "2017.10.28"]

1. e4 d6 2. d4 Nf6 3. Nc3 e5 4. Nf3 Nbd7 5. Bc4 Be7 6. O-O O-O 7. h3 c6 8. a4 a5
9. Ba2 Qc7 10. Bg5 Re8 11. Re1 Nf8 12. Qd3 Ng6 13. Qc4 Rf8 14. Rad1 h6 15. Bc1
Qb8 16. Qd3 Bd7 17. Nh2 Qc7 18. Qg3 Kh7 19. Qf3 Be6 20. d5 cxd5 21. exd5 Bd7 22.
Ng4 Nh4 23. Qe2 Bf5 24. Nxf6+ Bxf6 25. Ne4 Be7 26. Bb3 Bg6 27. c3 f5 28. Ng3 f4
29. Nf1 f3 30. gxf3 Nxf3+ 31. Kg2 Bh4 32. Be3 Be4 0-1

[Event "21st European Teams Women"]
[Site "Hersonissos GRE"]
[Date "2017.11.01"]
[Round "5.16"]
[Board "4"]
[White "Vanduyfhuys, Daria"]
[Black "Rakic, Tijana"]
[Result "1-0"]
[WhiteTitle "WCM"]
[WhiteElo "1737"]
[BlackElo "1508"]
[WhiteTeam "Belgium"]
[BlackTeam "Montenegro"]
[WhiteFideId "246336"]
[BlackFideId "16504194"]
[EventDate "2017.10.28"]

1. d4 Nf6 2. c4 c5 3. d5 b5 4. Qc2 bxc4 5. e4 e6 6. Bxc4 exd5 7. exd5 d6 8. Ne2
Be7 9. O-O O-O 10. Nbc3 Nbd7 11. a3 Nb6 12. Ba2 Qd7 13. Bf4 Qf5 14. Qd2 Ba6 15.
Ng3 Qd3 16. Qc1 Qg6 17. Rd1 Qg4 18. Bb1 Qd7 19. Nf5 Bb7 20. Bh6 gxh6 21. Qxh6 1-0

[Event "21st European Teams Women"]
[Site "Hersonissos GRE"]
[Date "2017.11.03"]
[Round "6.1"]
[Board "2"]
[White "Lagno, Kateryna"]
[Black "Zawadzka, Jolanta"]
[Result "1/2-1/2"]
[WhiteTitle "GM"]
[BlackTitle "WGM"]
[WhiteElo "2541"]
[BlackElo "2422"]
[WhiteTeam "Russia"]
[BlackTeam "Poland"]
[WhiteFideId "14109336"]
[BlackFideId "1122320"]
[EventDate "2017.10.28"]

1. e4 e5 2. Nf3 Nc6 3. Bb5 Nf6 4. d3 Bc5 5. O-O Nd4 6. Nxd4 Bxd4 7. c3 Bb6 8.
Ba4 O-O 9. Bg5 h6 10. Bh4 c6 11. Bb3 d6 12. Kh1 Be6 13. Bxe6 fxe6 14. Nd2 Qe8
15. a4 Qh5 16. Qxh5 Nxh5 17. a5 Bc7 18. f3 Nf4 19. d4 d5 20. dxe5 Bxe5 21. Bg3
Nd3 22. Bxe5 Nxe5 23. Kg1 Rad8 24. exd5 exd5 25. Rfe1 Rfe8 26. Re3 Kf7 27. Rae1
Nd3 28. Rxe8 Rxe8 29. Rxe8 Kxe8 30. b3 b6 31. axb6 axb6 32. Kf1 Kd7 33. g3 Kd6
34. Ke2 Nc1+ 35. Ke3 b5 36. b4 c5 37. bxc5+ Kxc5 38. f4 Na2 39. Kd3 b4 40. Nb3+
Kd6 41. cxb4 Nxb4+ 42. Ke3 Nc6 43. g4 Ne7 44. Nd4 g6 45. h3 Ng8 46. Nf3 Ne7 47.
Ne5 h5 48. Kd4 hxg4 49. hxg4 Ke6 50. Nf3 Kd6 51. Nh4 Nc6+ 52. Ke3 Ne7 53. Kd4
Nc6+ 54. Ke3 Ne7 1/2-1/2

[Event "21st European Teams Women"]
[Site "Hersonissos GRE"]
[Date "2017.11.03"]
[Round "6.1"]
[Board "3"]
[White "Szczepkowska, Karina"]
[Black "Gunina, Valentina"]
[Result "1/2-1/2"]
[WhiteTitle "IM"]
[BlackTitle "GM"]
[WhiteElo "2406"]
[BlackElo "2502"]
[WhiteTeam "Poland"]
[BlackTeam "Russia"]
[WhiteFideId "1122681"]
[BlackFideId "4167570"]
[EventDate "2017.10.28"]

1. e4 e5 2. Nf3 Nc6 3. Bb5 Nf6 4. O-O Nxe4 5. Re1 Nd6 6. Nxe5 Be7 7. Bf1 Nxe5 8.
Rxe5 O-O 9. d4 Ne8 10. Re1 d5 11. Bf4 Bd6 12. Be5 Bf5 13. Bd3 Bxd3 14. Qxd3 f6
15. Bxd6 Nxd6 16. Nd2 Qd7 17. Re2 Rae8 18. Rae1 Rxe2 19. Rxe2 Re8 20. Rxe8+ Qxe8
21. Kf1 Qh5 22. Nf3 Qh6 23. Qd2 Nc4 24. Qxh6 gxh6 25. b3 Na3 26. Ne1 Nb5 27. Nf3
Na3 28. Ne1 Nb5 29. Nf3 Na3 30. Ne1 Nb5 31. Nf3 1/2-1/2

[Event "21st European Teams Women"]
[Site "Hersonissos GRE"]
[Date "2017.11.03"]
[Round "6.1"]
[Board "4"]
[White "Goryachkina, Aleksandra"]
[Black "Kulon, Klaudia"]
[Result "1/2-1/2"]
[WhiteTitle "WGM"]
[BlackTitle "WGM"]
[WhiteElo "2478"]
[BlackElo "2358"]
[WhiteTeam "Russia"]
[BlackTeam "Poland"]
[WhiteFideId "4147103"]
[BlackFideId "1131044"]
[EventDate "2017.10.28"]

1. d4 Nf6 2. c4 g6 3. f3 Bg7 4. e4 d6 5. Nc3 O-O 6. Be3 c5 7. Nge2 Qa5 8. Nc1
cxd4 9. Nb3 Qh5 10. Nxd4 Nc6 11. Be2 Qh4+ 12. g3 Qh3 13. Bf1 Qh5 14. Bg2 Qc5 15.
Nf5 Qb4 16. Nxg7 Qxb2 17. Bd2 Kxg7 18. Nd5 Nxd5 19. cxd5 Ne5 20. O-O f6 21. Be3
Bd7 22. Bd4 Qa3 23. f4 Nc4 24. Rf3 Qa5 25. Rc3 Rac8 26. Qe2 b5 27. e5 dxe5 28.
fxe5 Nxe5 29. Re3 Qb4 30. Bxe5 fxe5 31. Re1 Qd4 32. Qd3 Qxd3 33. Rxd3 Rc2 34.
Rde3 Rxa2 35. Rxe5 Rf7 36. Rxe7 Ra6 37. R7e3 Rb6 38. Ra1 b4 39. Rxa7 b3 40. Be4
b2 41. Re1 Bf5 42. Rxf7+ Kxf7 43. Bxf5 gxf5 44. Rb1 Kf6 45. Kf2 Ke5 46. Ke3 h6
47. d6 Kxd6 48. Kd4 h5 49. Kc3 Ke5 50. Rxb2 Rxb2 51. Kxb2 Ke4 52. Kc3 Ke3 53.
Kc4 h4 54. Kd5 hxg3 55. hxg3 f4 56. gxf4 Kxf4 1/2-1/2

[Event "21st European Teams Women"]
[Site "Hersonissos GRE"]
[Date "2017.11.03"]
[Round "6.2"]
[Board "1"]
[White "Dzagnidze, Nana"]
[Black "Muzychuk, Anna"]
[Result "1/2-1/2"]
[WhiteTitle "GM"]
[BlackTitle "GM"]
[WhiteElo "2520"]
[BlackElo "2576"]
[WhiteTeam "Georgia"]
[BlackTeam "Ukraine"]
[WhiteFideId "13601903"]
[BlackFideId "14111330"]
[EventDate "2017.10.28"]

1. c4 Nf6 2. Nf3 g6 3. b3 Bg7 4. Bb2 O-O 5. g3 d6 6. Bg2 e5 7. O-O Re8 8. Nc3 c6
9. e4 c5 10. d3 Nc6 11. Ne1 Bg4 12. f3 Be6 13. Nc2 Qd7 14. Ne3 Bh3 15. Bxh3 Qxh3
16. Ncd5 Nxd5 17. Nxd5 Rf8 18. a3 f5 19. b4 Rf7 20. Qe2 Raf8 21. Bc3 b6 22. a4
h5 23. Qg2 Qxg2+ 24. Kxg2 fxe4 25. fxe4 Rxf1 26. Rxf1 cxb4 27. Bxb4 Rxf1 28.
Kxf1 Bf8 29. Ke2 Kf7 30. Bd2 Nd4+ 31. Kd1 Be7 32. Be3 Ne6 33. Nc3 Nc5 34. Kc2 a5
35. Bxc5 bxc5 36. Kd1 1/2-1/2

[Event "21st European Teams Women"]
[Site "Hersonissos GRE"]
[Date "2017.11.03"]
[Round "6.2"]
[Board "2"]
[White "Zhukova, Natalia"]
[Black "Batsiashvili, Nino"]
[Result "0-1"]
[WhiteTitle "GM"]
[BlackTitle "IM"]
[WhiteElo "2426"]
[BlackElo "2472"]
[WhiteTeam "Ukraine"]
[BlackTeam "Georgia"]
[WhiteFideId "14101513"]
[BlackFideId "13602993"]
[EventDate "2017.10.28"]

1. Nf3 d5 2. d4 Nf6 3. c4 e6 4. Nc3 Bb4 5. g3 dxc4 6. Bg2 Nc6 7. O-O O-O 8. Qa4
a6 9. Ne5 Nxe5 10. dxe5 Bxc3 11. bxc3 Nd7 12. Ba3 c5 13. Qxc4 Qa5 14. Qb3 Nxe5
15. f4 Ng4 16. c4 Bd7 17. h3 Ba4 18. Qf3 Bc6 19. Qxg4 Qxa3 20. Bxc6 bxc6 21. Qf3
Qb2 22. Rad1 Qxa2 23. Qe4 a5 24. Rd7 Rad8 25. Rfd1 Rxd7 26. Rxd7 h5 27. Ra7 Qb3
28. Kf2 Qb6 29. Rd7 a4 30. Qc2 Qa5 31. Rd3 a3 32. Qa2 Ra8 33. Rb3 g6 34. Kf1 Qb4
35. Rd3 Qb2 36. Rd2 Qxd2 0-1

[Event "21st European Teams Women"]
[Site "Hersonissos GRE"]
[Date "2017.11.03"]
[Round "6.2"]
[Board "3"]
[White "Khotenashvili, Bela"]
[Black "Ushenina, Anna"]
[Result "1/2-1/2"]
[WhiteTitle "GM"]
[BlackTitle "GM"]
[WhiteElo "2459"]
[BlackElo "2445"]
[WhiteTeam "Georgia"]
[BlackTeam "Ukraine"]
[WhiteFideId "13602640"]
[BlackFideId "14110911"]
[EventDate "2017.10.28"]

1. c4 e5 2. Nc3 Nf6 3. Nf3 Nc6 4. e4 Bb4 5. d3 d6 6. a3 Ba5 7. h3 h6 8. Be2 O-O
9. b4 Bb6 10. Na4 Bd4 11. Rb1 a6 12. b5 axb5 13. cxb5 Ne7 14. Nxd4 exd4 15. O-O
Bd7 16. Bd2 Qe8 17. Qb3 Be6 18. Qc2 Bd7 19. Qb3 Be6 20. Qb4 c5 21. bxc6 bxc6 22.
Nb6 c5 23. Qb2 Rb8 24. Qc2 Qc6 25. Nc4 Qa6 26. a4 d5 27. exd5 Nexd5 28. Ne5 Qd6
29. Nc4 Qa6 30. Ne5 Qd6 31. Nc4 1/2-1/2

[Event "21st European Teams Women"]
[Site "Hersonissos GRE"]
[Date "2017.11.03"]
[Round "6.2"]
[Board "4"]
[White "Gaponenko, Inna"]
[Black "Javakhishvili, Lela"]
[Result "1/2-1/2"]
[WhiteTitle "IM"]
[BlackTitle "IM"]
[WhiteElo "2433"]
[BlackElo "2438"]
[WhiteTeam "Ukraine"]
[BlackTeam "Georgia"]
[WhiteFideId "14101181"]
[BlackFideId "13601458"]
[EventDate "2017.10.28"]

1. e4 e5 2. Nf3 Nc6 3. Bb5 a6 4. Ba4 Nf6 5. O-O Nxe4 6. d4 b5 7. Bb3 d5 8. dxe5
Be6 9. Nbd2 Nc5 10. c3 d4 11. Bxe6 Nxe6 12. cxd4 Ncxd4 13. Nxd4 Qxd4 14. Qf3 Rd8
15. Nb3 Qd5 16. Qxd5 Rxd5 17. f4 Nd4 18. Nxd4 Bc5 19. Be3 Bxd4 20. Bxd4 Rxd4 21.
Rac1 Kd7 22. Rfd1 Rxd1+ 23. Rxd1+ Ke6 24. Kf2 f6 25. exf6 gxf6 26. Rc1 Kd6 27.
Rd1+ Ke6 28. Rc1 Kd6 29. Rd1+ Ke6 30. Rc1 Kd6 1/2-1/2

[Event "21st European Teams Women"]
[Site "Hersonissos GRE"]
[Date "2017.11.03"]
[Round "6.3"]
[Board "1"]
[White "Zimina, Olga"]
[Black "Atalik, Ekaterina"]
[Result "1-0"]
[WhiteTitle "IM"]
[BlackTitle "IM"]
[WhiteElo "2394"]
[BlackElo "2468"]
[WhiteTeam "Italy"]
[BlackTeam "Turkey"]
[WhiteFideId "4132190"]
[BlackFideId "4130189"]
[EventDate "2017.10.28"]

1. Nf3 Nf6 2. c4 g6 3. Nc3 d5 4. cxd5 Nxd5 5. Qa4+ Bd7 6. Qb3 Nb6 7. d4 Bg7 8.
e4 Bg4 9. Be3 Bxf3 10. gxf3 Bxd4 11. Rd1 e5 12. Nb5 Nc6 13. Nxd4 exd4 14. Bb5
O-O 15. Bxc6 bxc6 16. Bxd4 Qe7 17. h4 c5 18. Qa3 Nd7 19. h5 Rfe8 20. Be3 Ne5 21.
Ke2 Qe6 22. Bxc5 Qc4+ 23. Ke3 Qb5 24. Qb4 Nc4+ 25. Kd4 Qxb4 26. Bxb4 Nxb2 27.
Rb1 c5+ 28. Bxc5 Rad8+ 29. Ke3 Nc4+ 30. Kf4 g5+ 31. Kg3 a6 32. Rhc1 Ne5 33. Be3
Rd3 34. Rb6 Ra3 35. Rc2 a5 36. h6 Rd3 37. Ra6 Ra3 38. Rc5 f6 39. Rxf6 Rxa2 40.
Bd4 Ng6 41. Rxg6+ 1-0